Dactylographie_mots rares - Statistiques

Statistiques générales
  • Ce quiz a été pris 35 fois
  • Le résultat moyen est 24 sur 25
Statistiques - réponses
Hint Réponse % Correct
Acrostiche Acrostiche
100%
Callipyge Callipyge
100%
Diaphorèse Diaphorèse
100%
Divisibilité divisibilité
100%
Parémiologie Parémiologie
100%
Xylophone xylophone
100%
Désoxyribonucléase Désoxyribonucléase
97%
Dynamogénie Dynamogénie
97%
Foutriquet Foutriquet
97%
Galéjade Galéjade
97%
Halieutique Halieutique
97%
Leucotomie Leucotomie
97%
Maïeuticien Maïeuticien
97%
orthographe orthographe
97%
Electronarcose Electronarcose
94%
Epanadiplose Epanadiplose
94%
Sérendipité Sérendipité
94%
Hellénisation Hellénisation
91%
Infundibuliforme Infundibuliforme
91%
kakorrhaphiophobie kakorrhaphiophobie
91%
Phénakistiscope Phénakistiscope
91%
Misanthrope Misanthrope
88%
Ineffable Ineffable
85%
Oronymie Oronymie
85%
Valetudinaire Valetudinaire
85%
Aucun quiz correspondant
Distribution des résultats
% des personnes avec chaque résultat
Percentile par nombre de réponses
Votre historique - résultats
Vous n’avez pas pris ce quiz